| Tag |
First Indicator |
Second Indicator |
Subfields |
| LEADER |
00000cam a2200000 4500 |
| 001 |
in00000041157 |
| 005 |
20151007070648.0 |
| 008 |
771219s1932 enk 00010 engm |
| 010 |
|
|
|a 32015546
|
| 035 |
|
|
|a (OCoLC)03500566
|
| 035 |
|
|
|9 AAE4455AM
|
| 040 |
|
|
|a DLC
|c HDC
|d TXA
|d UtOrBLW
|
| 049 |
|
|
|a TXAM
|c [97474]
|
| 050 |
0 |
0 |
|a QC174.1
|b .L5
|
| 082 |
0 |
|
|a 530.1
|
| 092 |
|
|
|a 530.1
|b L743p
|
| 100 |
1 |
|
|a Lindemann, Frederick Alexander.
|
| 245 |
1 |
4 |
|a The physical significance of the quantum theory /
|c by F. A. Lindemann.
|
| 264 |
|
1 |
|a Oxford :
|b Clarendon Press,
|c 1932.
|
| 300 |
|
|
|a vi, pages, 1 ., 148 pages ;
|c 22 cm.
|
| 336 |
|
|
|a text
|b txt
|2 rdacontent
|
| 337 |
|
|
|a unmediated
|b n
|2 rdamedia
|
| 338 |
|
|
|a volume
|b nc
|2 rdacarrier
|
| 650 |
|
0 |
|a Quantum theory.
|
| 999 |
|
|
|a MARS
|
| 999 |
f |
f |
|s 5346be6e-ecce-3454-8d84-5b863075e45c
|i 788dfd4c-a36d-3a79-8b9a-77eb58865f0b
|t 0
|
| 952 |
f |
f |
|p normal
|a Texas A&M University
|b College Station
|c Sterling C. Evans Library
|d Evans: Library Stacks
|t 0
|e QC174.1 .L5
|h Library of Congress classification
|i unmediated -- volume
|m A14800908776
|
| 998 |
f |
f |
|a QC174.1 .L5
|t 0
|l Evans: Library Stacks
|